Durham University Colleges Quiz Stats

 Plays Quiz not verified by Sporcle

Also try: A Bunch of BS
Challenge
Share
Tweet
Embed
Score 0/16 Timer 03:00
0 Plays Today
% Correct
University
100%
Grey
96%
St John's
92%
Collingwood
88%
St Cuthbert's
88%
St Hild & Bede
84%
Van Mildert
84%
Hatfield
80%
% Correct
St Chad's
76%
Trevelyan
76%
St Aidan's
72%
St Mary's
72%
John Snow
68%
Ustinov
64%
Josephine Butler
52%
Stephenson
52%

You're not logged in!

Compare scores with friends on all Sporcle quizzes.
Join for Free
OR
Log In

You Might Also Like...

Show Comments

Extras

Top Quizzes Today


Score Distribution

Your Account Isn't Verified!

In order to create a playlist on Sporcle, you need to verify the email address you used during registration. Go to your Sporcle Settings to finish the process.

Report this User

Report this user for behavior that violates our Community Guidelines.

Details: